| 000 | 00957nam a22002537a 4500 | ||
|---|---|---|---|
| 003 | PE SENCICO BE | ||
| 005 | 20251020182625.0 | ||
| 008 | 230126b |||||||| |||| 00| 0 eng d | ||
| 020 | _a84-86108-68-3 | ||
| 040 |
_aPE SENCICO BE _cPE SENCICO BE |
||
| 041 | _aspa | ||
| 082 |
_a671.52 _bC93 |
||
| 100 | 1 |
_9174 _aCueto, José _eautor |
|
| 245 | 1 |
_aManual de soldadura fuerte / _cJosé Cueto |
|
| 250 | _a1a ed. | ||
| 260 |
_as.l. : _bEdiciones Ceysa, _c2006 |
||
| 300 |
_a153 p. : _bdiagrs., _c30 cm. |
||
| 505 | 3 | _aMétodos de unión -- Los parámetros clave en soldadura fuerte -- Requerimientos de funcionamiento y criterios de diseño -- Procesos de soldadura fuerte -- Aspectos del proceso -- Calidad en soldadura fuerte -- Seguridad e higiene | |
| 650 | 1 | 4 |
_9175 _aSoldadura |
| 650 | 2 | 4 |
_996 _aSeguridad industrial |
| 650 | 2 | 4 |
_9175 _aSoldadura _vManuales, etc. |
| 910 |
_bhfp _chfp |
||
| 942 |
_2ddc _cLIB _h671.52 _iC93 |
||
| 999 |
_c3797 _d3797 |
||